00297nam a2200109 a 4500008004100000050001600041100002100057245003500078246002100113260004400134350000900178120416s1990 ||||||||||||||||| || u aBL 80.2 Com aMugambi, J. N. K10aComparative study of religions aJ. N. K. Mugambi aNairobibNairobi university pressc1990 a0.00